| 000 | 03702njm a2200481Ia 4500 | ||
|---|---|---|---|
| 001 | F8867 | ||
| 003 | IT-RoPAU | ||
| 005 | 20220918181113.0 | ||
| 008 | 131025s9999 xx 000 0 und d | ||
| 040 | _aIT-RoPAU | ||
| 040 | _cIT-RoPAU | ||
| 041 | _aINGLESE | ||
| 999 |
_c99174 _d99174 |
||
| 999 | _bn.d. | ||
| 100 |
_aAA.VV. _9794 |
||
| 100 |
_eAutore musica _932830 |
||
| 100 |
_gCodice autore musica SPICS: 12000 _9796 |
||
| 245 | _aValley of Life | ||
| 250 | _a1a ed. | ||
| 260 | _aMILANO | ||
| 260 |
_bRUSCONI _c1999 [1a Ed.:0] |
||
| 300 | _aCOMPACT DISC | ||
| 300 | _c71 minuti (Testo: 0 pag.) | ||
| 500 | _aMusica jazz. Cd fuori commercio allegato al n. 3 '99 della rivista "Musica jazz". Brani scelti di McCoy Tyner e di altri autori. Testimonianze degli anni '70. McCoy Tyner รจ uno dei pianisti dominanti del jazz contemporaneo. | ||
| 505 | _aA Prayer For My Family [(New York, gennaio 1972) (5:00)] - Nebula [(Montreux, jazz Festival, 7 luglio 1973) (10:00)] - In A Sentimental Mood [(Stati Uniti, tra settembre e ottobre 1978) (7:00)] - Afro Blue (New York, 9 aprile 1973) (10:00)] - I Mean You (Berkeley, 9 o 10 aprile 1977) (6:00)] - Blues For Basie [(New York, Blue Note, 25 o 26 novembre 1988) (10:00)] - Nubia [(Berkeley, fra 31 agosto e 3 settembre 1978) (9:00)] - Four By Five [(Berkeley, 11 o 12 aprile 1977) (6:00)] - Valley of Life [(New York, gennaio 1972) (6:00)] | ||
| 511 | _aPianoforte solo di McCoy Tyner. | ||
| 511 | _aMccoy Tyner: pianoforte; Ron Carter: contrabbasso; Elvin Jones batteria | ||
| 511 | _aAzar Lawrence: soprano; McCoy Tyner: pianoforte, percussione; Joony Booth: contrabbasso; Alphonse Mouzon: batteria | ||
| 511 | _aSonny Rollins: tenore; McCoy Tyner: pianoforte | ||
| 511 | _aVirgil Jones, Cecil Bridgewater e Jon Faddis: tromba; Garnettbrown e Dick Griffin: trombone; Kiane Zawadi: euphonium; Julius Watkins, Willie Ruff e William Warnick III: corno; Bob Srewart: tuba; Hubert Laws: flauto, ottavino; Sonny Fortune: flauto soprano; McCoy Tyner: pianoforte; Joony Booth: contrabbasso; Alphonse Mouzon: batteria; Sonny Morgan: percussione | ||
| 511 | _aMccoy Tyner: pianoforte; Ron Carter: contrabbasso; Tony Williams: batteria | ||
| 511 | _aVirgil Jones, Earl Gardner e Kamau Adilifu: tromba; Steve Turre e Robin Eubanks: trombone; John Clark: corno; Howard Johnson: tuba; Joe Ford e Doug Harris: alto; Ricky Ford e Junior Cook: ten; McCoy Tyner: pianoforte; Avery Sharpe: contrabbasso; Louis Hayes: batteria; Steve Thornton: percussione | ||
| 511 | _aFreddie Hubbard: tromba; Hubert Laws: flauto; Bennie Maupin: ten; Bobby Hutcherson: vib; McCoy Tyner: pianoforte; Stanley Clarke: contrabbasso; Jack Dejohnette: batteria; Bill Summers: congas, perc | ||
| 511 | _aMcCoy Tyner: pianoforte; Eddie Gomez: contrabbasso; Jack Dejohnette: batteria | ||
| 511 | _aSonny Fortune: flauto; McCoy Tyner: koto; Calvin Hill: contrabbasso, percussione; Alphonse Mouzon: batteria, percussione | ||
| 650 |
_aJAZZ [COMPACT DISC] _eCodice MATERIA SPICS: 9949 _911822 |
||
| 700 |
_aTyner Mccoy _eInterprete _gCodice interprete SPICS: 18869 _932831 |
||
| 700 |
_aTyner McCoy _eAutore musica _gCodice autore musica SPICS: 18869 _pA Prayer For My Family - Nebula - Blues For Basie - Nubia - Four By Five - Valley of Life _932832 |
||
| 700 |
_aColtrane John William _eAutore musica _gCodice autore musica SPICS: 10732 _pImpressions _932833 |
||
| 700 |
_aEllington Duke _eAutore musica _gCodice autore musica SPICS: 13023 _pIn A Sentimental Mood _932834 |
||
| 700 |
_aSantamaria Mongo _eAutore musica _gCodice autore musica SPICS: 53130 _pAfro Blue _932835 |
||
| 700 |
_aMonk Thelonious _eAutore musica _gCodice autore musica SPICS: 10795 _pI Mean You _932836 |
||
| 942 |
_cCD _2ddc |
||